000
00256nam a22001217a 4500
008
170204b xxu||||| |||| 00| 0 srb d
041
_a
srb
080
_a
61
100
_a
3
101
_a
SHM
245
_a
MEDICINSKI LEKSIKON
_c
KARADZIC, V
942
_2
udc
_c
BK
999
_c
4559
_d
4559